The calculus of a single variable with analytic geometry / (Record no. 14107)
[ view plain ]
| 000 -LEADER | |
|---|---|
| fixed length control field | 00501cam a2200181 a 4500 |
| 020 ## - INTERNATIONAL STANDARD BOOK NUMBER | |
| ISBN | 0060441070 |
| 020 ## - INTERNATIONAL STANDARD BOOK NUMBER | |
| ISBN | 0060439300 (cover) |
| 040 ## - CATALOGING SOURCE | |
| Transcribing agency | DLC |
| 082 00 - DEWEY DECIMAL CLASSIFICATION NUMBER | |
| Classification number | 515 HAR 1990 A058 Or. |
| 100 1# - MAIN ENTRY--AUTHOR NAME | |
| Personal name | Leithold, Louis. |
| 245 14 - TITLE STATEMENT | |
| Title | The calculus of a single variable with analytic geometry / |
| 250 ## - EDITION STATEMENT | |
| Edition statement | 6th ed. |
| 260 ## - PUBLICATION, DISTRIBUTION, ETC. (IMPRINT) | |
| Place of publication | New York : |
| Name of publisher | Harper & Row, |
| Year of publication | c1990. |
| 300 ## - PHYSICAL DESCRIPTION | |
| Number of Pages | xiii, 781, 63 p. : |
| Other physical details | ill. (some col.) ; |
| Dimensions | 27 cm. |
| 650 #0 - SUBJECT ADDED ENTRY--TOPICAL TERM | |
| Topical Term | Calculus. |
| 650 #0 - SUBJECT ADDED ENTRY--TOPICAL TERM | |
| Topical Term | Geometry, Analytic. |
| 942 ## - ADDED ENTRY ELEMENTS (KOHA) | |
| Koha item type | សៀវភៅភាសាអង់គ្លេស |
| 952 ## - LOCATION AND ITEM INFORMATION (KOHA) | |
| Withdrawn status [LOCAL, KOHA] | 0 |
| Permanent Location | Date acquired | Koha item type | Lost status | Shelving location | Barcode | Current Location | Full call number |
|---|---|---|---|---|---|---|---|
| Library Block A | 2017-10-06 | សៀវភៅភាសាអង់គ្លេស | A058 | A22344 | Library Block A | 515 HAR 1990 A058 Or. |